000 01403cab a2200229 4500
001 X1735
008 090401t1994 xxu||||| |||| 00| 0 eng d
035 _a(Sirsi) u18957
041 _aeng
245 _aCrown Estate Commissioners v John Mowlen and Company Ltd
260 _c1994
350 _a0
490 _aConstruction Law Journal
_v(1994) 10 CLJ 311-325(15)
520 _aCA 29 July 1994. C entered into a JCT 1980 standard form of building contract (private with quantities edition) for the construction of a commercial development. The architects issued a final certificate on 2 December 1992 and under clause 30.9.1.1 of the contract, this was stated to be conclusive evidence that quality of materials and workmanship had been met to the satisfaction of the architect. On 6 April 1993 C gave notice of arbitration in respect of defects and on 7 April C issued an originating summons under Arbitration Act 1950 s27 to extend the time in which to give a written notice to concur in the appointment of an arbitrator. The judge granted C the decision and J appealed. Appeal was allowed.
650 _aARBITRATION ACT 1950 S27
650 _aCROWN ESTATE COMMISSIONERS V JOHN MOWLEM AND COMPANY LTD
650 _aFINAL CERTIFICATES
650 _aJCT STANDARD FORM OF BUILDING CONTRACT (1980 EDITION)
690 _aBUILDING AND CONSTRUCTION-CASE LAW
942 _n0
948 _c04/03/1997
999 _c12613
_d12613